[Event "SVK-ch Amateurs"]
[Site "Liptovsky Jan"]
[Date "2023.06.18"]
[Round "8"]
[White "Doci, Stefan"]
[Black "Petrovsky, Jan"]
[Result "0-1"]
[WhiteElo "2088"]
[BlackElo "1774"]
[PlyCount "184"]
[EventDate "2023.06.15"]
[EventType "swiss"]
[EventRounds "8"]
[EventCountry "SVK"]
[SourceTitle "CBM 214 Extra"]
[Source "ChessBase"]
[SourceDate "2023.07.31"]
[SourceVersion "1"]
[SourceVersionDate "2023.07.31"]
[SourceQuality "1"]

1. e4 e5 2. Nf3 Nc6 3. Bb5 a6 4. Ba4 Be7 5. 0-0 b5 6. Bb3 d6 7. c3 Nf6 8. h3 0-0 9. d4 Bb7 10. Re1 Re8 11. Nbd2 Bf8 12. a4 Na5 13. Bc2 c5 14. d5 c4 15. Nf1 g6 16. Ng3 Bg7 17. Bg5 Qc7 18. Qd2 Bc8 19. h4 Bd7 20. h5 Reb8 21. hxg6 fxg6 22. Nh4 bxa4 23. Bxa4 Nb3 24. Bxb3 Rxb3 25. Bh6 Be8 26. Bxg7 Qxg7 27. Ra2 Rb7 28. Qe2 Bb5 29. Qe3 h5 30. Qg5 Be8 31. Rea1 Rba7 32. Ra5 Ng4 33. Nf3 Qf6 34. Nf1 Kg7 35. Qxf6+ Kxf6 36. N3d2 Bb5 37. f3 Nh6 38. Ne3 Nf7 39. Ndxc4 Rb8 40. Nd2 Bd7 41. b3 Bc8 42. c4 Rc7 43. Nc2 g5 44. b4 Nh6 45. Kf2 g4 46. Ke3 h4 47. Rf1 Kg5 48. fxg4 Nxg4+ 49. Kd3 Rh7 50. Raa1 h3 51. gxh3 Rxh3+ 52. Rf3 Nf2+ 53. Ke3 Ng4+ 54. Kd3 Nf2+ 55. Ke2 Bg4 56. Kxf2 Rh2+ 57. Ke1 Rxd2 58. Kxd2 Bxf3 59. Ke3 Bg4 60. Kd3 Bc8 61. Rg1+ Kf6 62. Rg8 Ra8 63. Rf8+ Ke7 64. Rh8 Kd7 65. Rh7+ Kd8 66. Kc3 Bd7 67. Rh8+ Be8 68. Ne3 Kc7 69. Nf5 Rd8 70. Ng7 Bd7 71. Rh7 Rf8 72. c5 Rg8 73. b5 Bxb5 74. Kb4 Bd3 75. Ne8+ Kd8 76. Nxd6 Bxe4 77. Nf7+ Kd7 78. c6+ Kc8 79. d6 Bxh7 80. c7 Be4 81. Kc5 Rg5 82. Nxe5 Kb7 83. Kd4 Bf5 84. Nf7 Rg7 85. Nd8+ Kc8 86. Nc6 Bd7 87. Ne7+ Kb7 88. Kc5 Rg5+ 89. Kc4 Be6+ 90. Kb4 a5+ 91. Ka4 Bd7+ 92. Ka3 a4 0-1

[Event "SVK-ch Amateurs"]
[Site "Liptovsky Jan"]
[Date "2023.06.18"]
[Round "7"]
[White "Meszaros, Casey Ryan"]
[Black "Doci, Stefan"]
[Result "1-0"]
[WhiteElo "1867"]
[BlackElo "2088"]
[PlyCount "91"]
[EventDate "2023.06.15"]
[EventType "swiss"]
[EventRounds "8"]
[EventCountry "SVK"]
[SourceTitle "CBM 214 Extra"]
[Source "ChessBase"]
[SourceDate "2023.07.31"]
[SourceVersion "1"]
[SourceVersionDate "2023.07.31"]
[SourceQuality "1"]

1. e4 c6 2. Nc3 d5 3. Nf3 dxe4 4. Nxe4 Nf6 5. Qe2 Nxe4 6. Qxe4 Nd7 7. d3 Nf6 8. Qh4 e6 9. Be2 Be7 10. Qg3 Qb6 11. 0-0 g6 12. b3 Nh5 13. Qg4 f5 14. Qc4 Bf6 15. d4 Qc7 16. Qd3 Nf4 17. Qd2 g5 18. c4 Bd7 19. Re1 0-0-0 20. a4 Be8 21. Bf1 c5 22. Qc2 cxd4 23. Bxf4 gxf4 24. Rxe6 d3 25. Qd1 Bxa1 26. Qxa1 Bc6 27. Bxd3 Bxf3 28. Bxf5 Kb8 29. gxf3 Qf7 30. Qe5+ Ka8 31. Re7 Rd1+ 32. Kg2 Rg8+ 33. Bg4 Qf8 34. Qe4 Qb8 35. Qxh7 a6 36. Qe4 Rd2 37. b4 Rb2 38. c5 Qc8 39. h3 Qc6 40. Qxf4 Qxa4 41. Qc4 Rb8 42. Re4 Qa1 43. c6 Rb1 44. cxb7+ Rxb7 45. Re8+ Ka7 46. Qc5+ 1-0

[Event "SVK-ch Amateurs"]
[Site "Liptovsky Jan"]
[Date "2023.06.16"]
[Round "3"]
[White "Jeet, Jain"]
[Black "Doci, Stefan"]
[Result "1-0"]
[WhiteElo "2199"]
[BlackElo "2088"]
[PlyCount "79"]
[EventDate "2023.06.15"]
[EventType "swiss"]
[EventRounds "8"]
[EventCountry "SVK"]
[SourceTitle "CBM 214 Extra"]
[Source "ChessBase"]
[SourceDate "2023.07.31"]
[SourceVersion "1"]
[SourceVersionDate "2023.07.31"]
[SourceQuality "1"]

1. e4 c6 2. c4 d5 3. cxd5 cxd5 4. exd5 Qxd5 5. Nc3 Qa5 6. d4 e6 7. Nf3 Nf6 8. Bc4 Be7 9. 0-0 a6 10. a3 b5 11. Ba2 Bb7 12. d5 exd5 13. Nxd5 Nxd5 14. Bxd5 Qc7 15. Re1 0-0 16. Bf4 Qd7 17. Bxb7 Qxb7 18. Rxe7 Qxe7 19. Bd6 Qf6 20. Bxf8 Kxf8 21. Rc1 Nc6 22. Qc2 Rd8 23. Qxh7 g6 24. h3 Nd4 25. Qh6+ Kg8 26. Nxd4 Qxd4 27. b4 Qd3 28. Qg5 Re8 29. h4 Qxa3 30. h5 Qd3 31. hxg6 Qxg6 32. Qf4 Re4 33. Qb8+ Kg7 34. Rc3 Rg4 35. Qe5+ Qf6 36. Qc5 Rg5 37. Qc7 Qe5 38. Qc8 Rh5 39. Rh3 Rg5 40. Qh8+ 1-0

[Event "SVK-ch Amateurs"]
[Site "Liptovsky Jan"]
[Date "2023.06.15"]
[Round "1"]
[White "Mirek, Sebastian"]
[Black "Doci, Stefan"]
[Result "0-1"]
[WhiteElo "1493"]
[BlackElo "2088"]
[PlyCount "84"]
[EventDate "2023.06.15"]
[EventType "swiss"]
[EventRounds "8"]
[EventCountry "SVK"]
[SourceTitle "CBM 214 Extra"]
[Source "ChessBase"]
[SourceDate "2023.07.31"]
[SourceVersion "1"]
[SourceVersionDate "2023.07.31"]
[SourceQuality "1"]

1. Nf3 c5 2. c4 Nc6 3. g3 Nf6 4. Bg2 d5 5. cxd5 Nxd5 6. 0-0 e6 7. d4 Be7 8. Nc3 Nxc3 9. bxc3 0-0 10. Ba3 Qa5 11. Bxc5 Bxc5 12. dxc5 Qxc5 13. Qb3 Na5 14. Qb4 Qc7 15. Rfd1 b6 16. Nd4 Bb7 17. Nb5 Qe5 18. Bxb7 Nxb7 19. Rd7 a5 20. Qb2 Nc5 21. Rd2 Ne4 22. Rd3 Qf5 23. f3 Qc5+ 24. Nd4 Nf6 25. Kg2 e5 26. Nb3 Qc6 27. e4 a4 28. Nc1 Nd7 29. Qd2 Nc5 30. Rd6 Qb7 31. Rb1 Nxe4 32. Rbxb6 Qxb6 33. fxe4 Qb1 34. Kf3 Rab8 35. Nd3 f5 36. exf5 Qf1+ 37. Ke3 Rxf5 38. Nf2 Rbf8 39. Qd5+ Kh8 40. Ne4 Qb1 41. Nd2 Qb2 42. Ne4 Rf3# 0-1

[Event "SVK-ch Blitz"]
[Site "Nitra"]
[Date "2022.10.29"]
[Round "9"]
[White "Doci, Stefan"]
[Black "Sahidi, Samir"]
[Result "0-1"]
[WhiteElo "2072"]
[BlackElo "2467"]
[PlyCount "46"]
[EventDate "2022.10.29"]
[EventType "swiss"]
[EventRounds "13"]
[EventCountry "SVK"]
[SourceTitle "EXT 2024"]
[Source "ChessBase"]
[SourceDate "2023.10.10"]
[SourceVersion "1"]
[SourceVersionDate "2023.10.10"]
[SourceQuality "1"]

1. e4 c5 2. Nf3 Nc6 3. Bb5 g6 4. 0-0 Bg7 5. c3 Nf6 6. Re1 a6 7. Bd3 0-0 8. Bc2 d6 9. a3 Bg4 10. h3 Bxf3 11. Qxf3 Rc8 12. d3 b5 13. Be3 Nd7 14. Nd2 a5 15. Qe2 b4 16. axb4 axb4 17. cxb4 Nxb4 18. Nc4 Rb8 19. Rab1 Ne5 20. b3 Nec6 21. Qd2 Ra8 22. Bd1 Ra2 23. Qc1 Nxd3 0-1

[Event "SVK-ch Blitz"]
[Site "Nitra"]
[Date "2022.10.29"]
[Round "5"]
[White "Doci, Stefan"]
[Black "Vrba, Michal"]
[Result "1-0"]
[WhiteElo "2072"]
[BlackElo "1927"]
[PlyCount "57"]
[EventDate "2022.10.29"]
[EventType "swiss"]
[EventRounds "13"]
[EventCountry "SVK"]
[SourceTitle "EXT 2024"]
[Source "ChessBase"]
[SourceDate "2023.10.10"]
[SourceVersion "1"]
[SourceVersionDate "2023.10.10"]
[SourceQuality "1"]

1. d4 Nf6 2. Bf4 e6 3. Nf3 d5 4. e3 Bd6 5. Nbd2 Qe7 6. Bd3 Nbd7 7. 0-0 c5 8. c3 b6 9. Ne5 Bb7 10. h3 h6 11. a4 c4 12. Bc2 g5 13. Bg3 h5 14. Qe2 0-0-0 15. b3 cxb3 16. Bxb3 Kb8 17. c4 dxc4 18. Ndxc4 Bc7 19. Rfc1 Nxe5 20. Bxe5 Bxe5 21. Nxe5 Nd5 22. a5 g4 23. h4 Qxh4 24. Nxf7 g3 25. fxg3 Qxg3 26. Qf3 Qg7 27. Nxd8 Rxd8 28. e4 Nf6 29. axb6 1-0

[Event "SVK-ch Blitz"]
[Site "Nitra"]
[Date "2022.10.29"]
[Round "4"]
[White "Murajda, Tomas"]
[Black "Doci, Stefan"]
[Result "0-1"]
[WhiteElo "1864"]
[BlackElo "2072"]
[PlyCount "124"]
[EventDate "2022.10.29"]
[EventType "swiss"]
[EventRounds "13"]
[EventCountry "SVK"]
[SourceTitle "EXT 2024"]
[Source "ChessBase"]
[SourceDate "2023.10.10"]
[SourceVersion "1"]
[SourceVersionDate "2023.10.10"]
[SourceQuality "1"]

1. d4 c6 2. Nf3 d5 3. h3 Bf5 4. Ne5 Nd7 5. g4 Be4 6. f3 Bg6 7. Nxg6 hxg6 8. Bf4 e6 9. Bg3 Nb6 10. e4 Bd6 11. e5 Bc7 12. c3 Ne7 13. a4 a5 14. Nd2 Nd7 15. Bd3 c5 16. Qe2 Nc6 17. Bb5 cxd4 18. Bxc6 bxc6 19. cxd4 Rb8 20. b3 c5 21. f4 cxd4 22. f5 gxf5 23. gxf5 Qg5 24. Qf3 Qe3+ 25. Qxe3 dxe3 26. Nf3 Rxb3 27. f6 gxf6 28. Rc1 Kd8 29. Ke2 Nxe5 30. Nd4 Rb2+ 31. Kxe3 Nc4+ 32. Rxc4 dxc4 33. Bxc7+ Kxc7 34. Rc1 Rxh3+ 35. Ke4 c3 36. Nb5+ Rxb5 37. axb5 Kb6 38. Kd4 Kxb5 39. Rb1+ Kc6 40. Rc1 e5+ 41. Kc4 f5 42. Kb3 Kb5 43. Kc2 Kc4 44. Rf1 Rh2+ 45. Kc1 f4 46. Kb1 a4 47. Ka1 a3 48. Rb1 e4 49. Rf1 f3 50. Rb1 f5 51. Re1 f2 52. Rf1 Rg2 53. Kb1 Rg1 54. Kc2 Rg2 55. Kc1 Kd3 56. Rd1+ Ke3 57. Rf1 Ke2 58. Rd1 f1Q 59. Kb1 Qxd1+ 60. Ka2 Qc2+ 61. Kxa3 Qd3 62. Kb4 c2 0-1

[Event "Bedford e2e4 op"]
[Site "Bedford"]
[Date "2013.09.22"]
[Round "4"]
[White "Mangione, Claudio"]
[Black "Doci, Stefan"]
[Result "1/2-1/2"]
[WhiteElo "2146"]
[BlackElo "2075"]
[PlyCount "59"]
[EventDate "2013.09.20"]
[EventType "swiss"]
[EventRounds "5"]
[EventCountry "ENG"]
[SourceTitle "CBM 156 Extra"]
[Source "ChessBase"]
[SourceDate "2013.10.22"]
[SourceVersion "1"]
[SourceVersionDate "2013.10.22"]
[SourceQuality "1"]

1. c4 e5 2. g3 g6 3. Bg2 Bg7 4. Nc3 Ne7 5. e4 0-0 6. Nge2 d6 7. 0-0 Be6 8. d3 c6 9. Be3 f5 10. Qd2 Nd7 11. Bh6 Bxh6 12. Qxh6 Qb6 13. Qd2 Rf7 14. b3 Raf8 15. d4 f4 16. f3 d5 17. cxd5 cxd5 18. Kh1 dxe4 19. Nxe4 Bd5 20. gxf4 exd4 21. Ng5 Rf6 22. Qxd4 Qxd4 23. Nxd4 h6 24. Nh3 Nf5 25. Nxf5 Rxf5 26. Rae1 Nc5 27. Re5 Bc6 28. Rd1 Bd7 29. Rxf5 Rxf5 30. Kg1 1/2-1/2

[Event "London op Congress August"]
[Site "London"]
[Date "2013.08.26"]
[Round "6"]
[White "Craft, Isaac"]
[Black "Doci, Stefan"]
[Result "1-0"]
[WhiteElo "2010"]
[BlackElo "2076"]
[PlyCount "91"]
[EventDate "2013.08.24"]
[EventType "swiss"]
[EventRounds "6"]
[EventCountry "ENG"]
[SourceTitle "EXT 2023"]
[Source "ChessBase"]
[SourceDate "2022.10.05"]
[SourceVersion "1"]
[SourceVersionDate "2022.10.05"]
[SourceQuality "1"]

1. d4 g6 2. c4 Nf6 3. Nc3 d5 4. cxd5 Nxd5 5. e4 Nxc3 6. bxc3 Bg7 7. Qa4+ Nd7 8. Be3 0-0 9. Rc1 e5 10. Nf3 f5 11. exf5 gxf5 12. Nxe5 f4 13. Bc4+ Kh8 14. Nf7+ Rxf7 15. Bxf7 fxe3 16. 0-0 Nf6 17. fxe3 Qe7 18. Qb3 Qxe3+ 19. Kh1 Ng4 20. Qb2 Qh6 21. h3 Ne3 22. Rf3 Nf5 23. Re1 Nd6 24. Re7 Bg4 25. Rf2 Rf8 26. Kg1 Bf5 27. Rxc7 Qg5 28. Bd5 Bxh3 29. Rxf8+ Bxf8 30. Bxb7 Nxb7 31. Rxb7 Bd6 32. Rf7 Be6 33. Rf2 Qh5 34. Qb7 Bh2+ 35. Kh1 Bg3+ 36. Kg1 Bh2+ 37. Kh1 Bf4+ 38. Kg1 Qh2+ 39. Kf1 Bc4+ 40. Re2 Qh1+ 41. Kf2 Qh4+ 42. Kf1 Bxe2+ 43. Kxe2 Qg4+ 44. Kd3 Qg6+ 45. Kc4 Bb8 46. Kb5 1-0

[Event "London op Congress August"]
[Site "London"]
[Date "2013.08.24"]
[Round "2"]
[White "Villiers, Thomas"]
[Black "Doci, Stefan"]
[Result "1-0"]
[WhiteElo "1985"]
[BlackElo "2076"]
[PlyCount "109"]
[EventDate "2013.08.24"]
[EventType "swiss"]
[EventRounds "6"]
[EventCountry "ENG"]
[SourceTitle "EXT 2023"]
[Source "ChessBase"]
[SourceDate "2022.10.05"]
[SourceVersion "1"]
[SourceVersionDate "2022.10.05"]
[SourceQuality "1"]

1. c4 g6 2. g3 Bg7 3. Bg2 d6 4. Nc3 c5 5. Nf3 Nc6 6. 0-0 Nf6 7. d4 Nd7 8. d5 Nce5 9. Nd2 0-0 10. f4 Ng4 11. Nf3 Nb6 12. Qd3 f5 13. Re1 e5 14. e4 fxe4 15. Nxe4 Bf5 16. h3 Nf6 17. Nfg5 h6 18. Ne6 Bxe6 19. dxe6 Nxe4 20. Bxe4 exf4 21. Bxg6 Bd4+ 22. Kh1 Qc8 23. Bxf4 Rf6 24. Kg2 Rxe6 25. Qf5 Rf6 26. Qh5 Qf8 27. Be4 Qg7 28. Bd5+ Nxd5 29. Qxd5+ Qf7 30. Qxf7+ Kxf7 31. Re2 Re8 32. Rxe8 Kxe8 33. Re1+ Kf7 34. Rf1 Kg6 35. Rf3 Re6 36. Kf1 h5 37. Ra3 a6 38. Rb3 b5 39. cxb5 axb5 40. Rxb5 Kf5 41. Rb6 Be5 42. Bxe5 Kxe5 43. a4 Kd5 44. a5 Re4 45. b3 Re7 46. a6 Ra7 47. Ke2 Re7+ 48. Kd3 Rg7 49. g4 hxg4 50. hxg4 Rxg4 51. a7 Rg3+ 52. Kc2 Rg2+ 53. Kb1 Rg1+ 54. Kb2 Rg2+ 55. Ka3 1-0

[Event "Hampstead op U2200 05"]
[Site "Hampstead"]
[Date "2013.05.19"]
[Round "5"]
[White "Moss, Guy"]
[Black "Doci, Stefan"]
[Result "1-0"]
[WhiteElo "1982"]
[BlackElo "2076"]
[PlyCount "72"]
[EventDate "2013.05.18"]
[EventType "swiss"]
[EventRounds "5"]
[EventCountry "ENG"]
[SourceTitle "EXT 2014"]
[Source "ChessBase"]
[SourceDate "2013.11.20"]
[SourceVersion "1"]
[SourceVersionDate "2013.11.20"]
[SourceQuality "1"]

1. e4 c5 2. Nf3 e6 3. d4 cxd4 4. Nxd4 Nc6 5. Nc3 a6 6. Be2 Qc7 7. Be3 Nf6 8. 0-0 Bb4 9. Nxc6 dxc6 10. Bd3 0-0 11. f4 Rd8 12. Qf3 b5 13. e5 Nd5 14. Nxd5 cxd5 15. Bd4 g6 16. Qe3 Bd7 17. c3 Bf8 18. Kh1 Rac8 19. g4 b4 20. f5 bxc3 21. bxc3 Bg7 22. f6 Bf8 23. h4 Bb5 24. Bxb5 axb5 25. h5 Qc4 26. hxg6 fxg6 27. f7+ Kh8 28. Rf2 Be7 29. Qh6 Qd3 30. Kg2 Qe4+ 31. Kg3 Bf8 32. Qg5 b4 33. Rf4 Qd3+ 34. Rf3 Qe4 35. Rf4 Qe2 36. Rf2 Qd3+ 1-0

[Event "Hampstead op U2200 05"]
[Site "Hampstead"]
[Date "2013.05.18"]
[Round "3"]
[White "Brozel, Sacha"]
[Black "Doci, Stefan"]
[Result "0-1"]
[WhiteElo "1706"]
[BlackElo "2076"]
[PlyCount "99"]
[EventDate "2013.05.18"]
[EventType "swiss"]
[EventRounds "5"]
[EventCountry "ENG"]
[SourceTitle "EXT 2014"]
[Source "ChessBase"]
[SourceDate "2013.11.20"]
[SourceVersion "1"]
[SourceVersionDate "2013.11.20"]
[SourceQuality "1"]

1. d4 d5 2. c4 c6 3. Nc3 e5 4. Nf3 e4 5. Nd2 f5 6. e3 Nf6 7. cxd5 cxd5 8. Bb5+ Nc6 9. 0-0 Bd6 10. Nb3 0-0 11. a3 Bxh2+ 12. Kxh2 Ng4+ 13. Kg3 Rf6 14. f3 Qd6+ 15. f4 Rg6 16. Qd2 Nxe3+ 17. Kf2 Qxf4+ 18. Ke1 Qg3+ 19. Ke2 Nxf1 20. Kxf1 Be6 21. Nc5 Qh2 22. Qf2 a6 23. Bxc6 bxc6 24. Bf4 Qh1+ 25. Qg1 Qxg1+ 26. Kxg1 Bc8 27. N3a4 Be6 28. Nb6 Ra7 29. b4 Kf7 30. a4 Rg4 31. Bb8 Re7 32. Nxa6 f4 33. a5 f3 34. Rf1 Rxg2+ 35. Kh1 Bg4 36. Nc7 Ra2 37. a6 Rxc7 38. Bxc7 Rxa6 39. b5 cxb5 40. Nxd5 Rc6 41. Bf4 h6 42. Ne3 Bh3 43. Rf2 g5 44. Be5 h5 45. d5 Rc5 46. Bd4 Rc7 47. Kh2 Bd7 48. Nc2 g4 49. Kg3 Kg6 50. Rh2 0-1

[Event "Hampstead op U2200 04"]
[Site "Hampstead"]
[Date "2013.04.20"]
[Round "1"]
[White "Jina, Taran"]
[Black "Doci, Stefan"]
[Result "0-1"]
[WhiteElo "1684"]
[BlackElo "2081"]
[PlyCount "106"]
[EventDate "2013.04.20"]
[EventType "swiss"]
[EventRounds "5"]
[EventCountry "ENG"]
[SourceTitle "EXT 2014"]
[Source "ChessBase"]
[SourceDate "2013.11.20"]
[SourceVersion "1"]
[SourceVersionDate "2013.11.20"]
[SourceQuality "1"]

1. e4 c5 2. Nf3 e6 3. d4 cxd4 4. Nxd4 a6 5. Nc3 Nc6 6. Be3 Qc7 7. Qd2 Nf6 8. f3 b5 9. Bd3 Bb4 10. a3 Be7 11. 0-0 0-0 12. Kh1 Bb7 13. f4 b4 14. axb4 Bxb4 15. e5 Bxc3 16. Qxc3 Nd5 17. Qe1 Nxe3 18. Qxe3 Qb6 19. Qh3 g6 20. Nf3 Kg7 21. Ng5 h6 22. Ne4 Nb4 23. Nf6 Nxd3 24. cxd3 Bc6 25. Qh4 Qxb2 26. Qh3 Rfb8 27. Ng4 h5 28. Nf6 Rb3 29. Qg3 h4 30. Qg5 h3 31. Nh5+ Kg8 32. Nf6+ Kf8 33. Qh6+ Ke7 34. Qxh3 Rxd3 35. Qg4 Rd2 36. Rg1 Bxg2+ 37. Rxg2 Rxg2 38. Qxg2 Qxa1+ 39. Qg1 Qxg1+ 40. Kxg1 a5 41. Ng4 a4 42. Ne3 a3 43. Nc2 a2 44. Na1 Rb8 45. Kf2 Rb1 46. Nc2 Rb2 47. f5 exf5 48. e6 dxe6 49. h4 Rxc2+ 50. Kg3 a1Q 51. h5 gxh5 52. Kh4 Rg2 53. Kh3 Qh1# 0-1

[Event "Gatwick e2e4 op"]
[Site "Crawley"]
[Date "2013.04.06"]
[Round "3"]
[White "Doci, Stefan"]
[Black "Kalaiyalahan, Akshaya"]
[Result "1/2-1/2"]
[WhiteElo "2081"]
[BlackElo "1842"]
[PlyCount "104"]
[EventDate "2013.04.05"]
[EventType "swiss"]
[EventRounds "5"]
[EventCountry "ENG"]
[SourceTitle "CBM 153 Extra"]
[Source "ChessBase"]
[SourceDate "2013.04.22"]
[SourceVersion "1"]
[SourceVersionDate "2013.04.22"]
[SourceQuality "1"]

1. Nf3 d6 2. e4 c5 3. g3 e6 4. Bg2 Nf6 5. Nc3 a6 6. a4 Be7 7. 0-0 0-0 8. d4 cxd4 9. Nxd4 Nbd7 10. f4 Qc7 11. Kh1 Nb6 12. g4 d5 13. e5 Nfd7 14. Nce2 Nc4 15. b3 Na5 16. Bb2 b6 17. Qe1 Bb7 18. Qg3 Rfe8 19. h4 Nc5 20. h5 Ne4 21. Bxe4 dxe4 22. f5 exf5 23. gxf5 Bf8 24. f6 Qxe5 25. Qxe5 Rxe5 26. Nf5 gxf6 27. Bxe5 fxe5 28. Rg1+ Kh8 29. Rad1 Rc8 30. c3 e3+ 31. Kh2 Bf3 32. Rde1 Bxh5 33. Neg3 Bg6 34. b4 Nc4 35. Nxe3 Nd2 36. Kg2 Rxc3 37. Rd1 Rxe3 38. Rxd2 Rxg3+ 39. Kxg3 Bxb4 40. Rd8+ Kg7 41. Rc1 b5 42. Rb8 Bd2 43. Rc5 Bf4+ 44. Kf3 bxa4 45. Ra5 h5 46. Rxa4 Bd3 47. Rb6 h4 48. Rxf4 exf4 49. Kxf4 h3 50. Kg3 Bf1 51. Rb1 Bg2 52. Ra1 a5 1/2-1/2

[Event "Amersham e2e4 op"]
[Site "Amersham"]
[Date "2012.05.20"]
[Round "4"]
[White "Longson, Alexander"]
[Black "Doci, Stefan"]
[Result "1-0"]
[WhiteElo "2274"]
[BlackElo "2103"]
[PlyCount "95"]
[EventDate "2012.05.18"]
[EventType "swiss"]
[EventRounds "5"]
[EventCountry "ENG"]
[SourceTitle "EXT 2013"]
[Source "ChessBase"]
[SourceDate "2012.11.22"]
[SourceVersion "1"]
[SourceVersionDate "2012.11.22"]
[SourceQuality "1"]

1. e4 c6 2. d4 d5 3. Nc3 dxe4 4. Nxe4 Nf6 5. Nxf6+ exf6 6. c3 Bd6 7. Bd3 0-0 8. Qc2 Re8+ 9. Ne2 h6 10. Be3 Qa5 11. 0-0 Qh5 12. Ng3 Qh4 13. Rae1 Be6 14. f4 Nd7 15. f5 Bd5 16. c4 Be4 17. Bxe4 Bxg3 18. hxg3 Qxe4 19. Qxe4 Rxe4 20. Bf2 Rae8 21. Rxe4 Rxe4 22. Re1 Rxe1+ 23. Bxe1 Kf8 24. Bb4+ Ke8 25. g4 Kd8 26. Bd6 b6 27. Kf2 Kc8 28. Ke3 Kb7 29. Ke4 a6 30. b4 Ka7 31. c5 Kb7 32. d5 b5 33. Kd4 cxd5 34. Kxd5 Kc8 35. Kc6 g6 36. Be7 g5 37. Bd6 Ne5+ 38. Kb6 Nxg4 39. Kxa6 Ne3 40. Kxb5 Nxf5 41. a4 Kb7 42. c6+ Ka8 43. Bc5 Kb8 44. Kb6 Ng7 45. a5 Ne6 46. a6 f5 47. Bd6+ Ka8 48. c7 1-0

[Event "BCF-chT2a 1112 (4NCL)"]
[Site "England"]
[Date "2012.01.15"]
[Round "4.6"]
[White "Doci, Stefan"]
[Black "Lewyk, Ihor"]
[Result "1/2-1/2"]
[WhiteElo "2103"]
[BlackElo "2091"]
[PlyCount "122"]
[EventDate "2011.11.12"]
[EventType "team-tourn"]
[EventRounds "7"]
[EventCountry "ENG"]
[SourceTitle "EXT 2013"]
[Source "ChessBase"]
[SourceDate "2012.11.22"]
[SourceVersion "1"]
[SourceVersionDate "2012.11.22"]
[SourceQuality "1"]
[WhiteTeam "Poisoned Pawns"]
[BlackTeam "White Rose II"]
[WhiteTeamCountry "ENG"]
[BlackTeamCountry "ENG"]

1. d4 Nf6 2. Nf3 g6 3. b3 Bg7 4. Bb2 0-0 5. e3 b6 6. Bd3 Bb7 7. Nbd2 d5 8. 0-0 Nbd7 9. c4 c6 10. Rc1 Rc8 11. Re1 Re8 12. Nf1 e6 13. Ng3 dxc4 14. bxc4 c5 15. h4 h5 16. Ng5 Nf8 17. Bb1 Qd7 18. Qe2 cxd4 19. exd4 Qc6 20. N3e4 Nxe4 21. Bxe4 Qc7 22. Bxb7 Qxb7 23. Ne4 Qe7 24. g3 Nh7 25. Qf3 Red8 26. Ba3 Qc7 27. d5 exd5 28. cxd5 Qd7 29. d6 Rxc1 30. Rxc1 Rc8 31. Rxc8+ Qxc8 32. Qd3 Qd7 33. Qc4 Nf8 34. Ng5 Bf6 35. Ne4 Bg7 36. Bc1 Ne6 37. Qd5 Nf8 38. Bg5 Qe6 39. Qc6 f6 40. Bf4 Qd7 41. Qd5+ Ne6 42. Bc1 Kf7 43. Bb2 Bh8 44. f3 Bg7 45. g4 hxg4 46. fxg4 Kf8 47. Nxf6 Bxf6 48. Bxf6 Nc5 49. Be7+ Kg7 50. Qe5+ Kh7 51. Qf4 Qe6 52. Qf3 Qxa2 53. h5 Qe6 54. hxg6+ Kxg6 55. Kg2 a5 56. Kh3 a4 57. Qf4 a3 58. Qg5+ Kf7 59. Qf4+ Kg6 60. Qg5+ Kf7 61. Qf4+ Kg6 1/2-1/2

[Event "BCF-chT2b 0910 (4NCL)"]
[Site "England"]
[Date "2010.03.27"]
[Round "7.3"]
[White "Shepherd, David"]
[Black "Doci, Stefan"]
[Result "0-1"]
[WhiteElo "1922"]
[BlackElo "2071"]
[PlyCount "76"]
[EventDate "2009.10.24"]
[EventType "team-tourn"]
[EventRounds "11"]
[EventCountry "ENG"]
[SourceTitle "EXT 2010"]
[Source "ChessBase"]
[SourceDate "2010.11.25"]
[SourceVersion "1"]
[SourceVersionDate "2010.11.25"]
[SourceQuality "1"]
[WhiteTeam "Guildford III"]
[BlackTeam "Poisoned Pawns II"]
[WhiteTeamCountry "ENG"]
[BlackTeamCountry "ENG"]

1. d4 d5 2. Nf3 Nf6 3. Bf4 e6 4. e3 Be7 5. Bd3 0-0 6. 0-0 b6 7. Ne5 Bb7 8. Nd2 Nbd7 9. Qf3 c5 10. c3 a6 11. Qh3 g6 12. Nxd7 Nxd7 13. Nf3 Bf6 14. Bh6 Re8 15. Qg3 e5 16. dxe5 Nxe5 17. Nxe5 Bxe5 18. Bf4 Bg7 19. Rad1 Qf6 20. Rd2 Qc6 21. Be2 Qa4 22. a3 Qb3 23. Bc7 Rac8 24. Qd6 Re6 25. Qd7 Rce8 26. Bd1 Qc4 27. Be2 Qa2 28. Qa4 Bxc3 29. Rc2 Bxb2 30. Bxb6 Qxa3 31. Qd7 Bc6 32. Qc7 Qb3 33. Rxc5 Be5 34. Qa7 Ra8 35. Rxc6 Rxa7 36. Rc8+ Kg7 37. Bxa7 Qb7 38. Bxa6 Qxa6 0-1